000 00407pab a2200169 454500
008 180718b2010 xxu||||| |||| 00| 0 eng d
100 _aRajan, Vithal
245 _aThe curious case of the Nobel peace prize
260 _c2010
300 _ap.17-18.
362 _a18 Dec
650 _aNobel peace prize
650 _aAwards
773 _aEconomic and Political Weekly
908 _aN
909 _a90173
999 _c90173
_d90173